| Tag |
First Indicator |
Second Indicator |
Subfields |
| LEADER |
00000cam a2200000 a 4500 |
| 001 |
in00001406573 |
| 005 |
20241028152251.5 |
| 008 |
980109s1998 ksu b 001 0 eng |
| 010 |
|
|
|a 98010670
|
| 020 |
|
|
|a 070060880X (cloth : alk. paper)
|
| 035 |
|
|
|a (OCoLC)38206727
|
| 035 |
|
|
|9 AHQ3518AM
|
| 040 |
|
|
|a DLC
|c DLC
|d TXA
|d UtOrBLW
|
| 043 |
|
|
|a n-us---
|
| 049 |
|
|
|a TXAM
|
| 050 |
0 |
0 |
|a JK468.S4
|b C85 1998
|
| 082 |
0 |
0 |
|a 323.44/5/0973
|2 21
|
| 245 |
0 |
2 |
|a A culture of secrecy :
|b the government versus the people's right to know /
|c edited by Athan G. Theoharis.
|
| 264 |
|
1 |
|a Lawrence, Kan. :
|b University Press of Kansas,
|c 1998.
|
| 300 |
|
|
|a viii, 245 pages ;
|c 24 cm.
|
| 336 |
|
|
|a text
|b txt
|2 rdacontent
|
| 337 |
|
|
|a unmediated
|b n
|2 rdamedia
|
| 338 |
|
|
|a volume
|b nc
|2 rdacarrier
|
| 504 |
|
|
|a Includes bibliographical references and index.
|
| 505 |
0 |
|
|a The Freedom of Information Act versus the FBI / Athan G. Theoharis -- The CIA and secrecy / James X. Dempsey -- "Not so anonymous": parting the veil of secrecy about the National Security Agency / Matthew M. Aid -- "National security" and Freedom of Information: the John Lennon FBI Files / Jon Wiener -- Playing the information game: how it took thirteen years and two lawsuits to get J. Edgar Hoover's secret Supreme Court sex files / Alexander Charns and Paul M. Green -- The endless saga of the Nixon tapes / Joan Hoff -- The war over secrecy: democracy's most important low-intensity conflict / Scott Armstrong -- We can't yet read our own mail: access to the records of the Department of State / Page Putnam Miller -- The John F. Kennedy Assassination Records Review Board / Anna Kasten Nelson.
|
| 520 |
|
|
|a This new book examines who in government is hiding what from the rest of us, how they're doing it, and why it should matter to all of us. Contributing scholars, journalists, and attorneys survey the policies of federal intelligence agencies and presidents - notably Nixon, Reagan, Bush, and Clinton - to keep information secret. They show how these agencies have gone far beyond legitimate security needs to withhold information, and they describe the frustrations and costs encountered in their own efforts to obtain classified information. The authors review important cases exemplifying State Department, agency, and presidential efforts to withhold, destroy, or delay release of these records. In chapters centering on the Kennedy assassination, the Nixon tapes, and the FBI's files on John Lennon and the Supreme Court justices, readers will find an abundance of startling and disturbing revelations. By citing some of the methods used by agencies like the CIA, NSA, NSC, and FBI to circumvent the Freedom of Information Act - often with the cooperation of the judicial system - these essays clearly show that abuses of secrecy aren't limited to the withholding of information but extend to the absurd lengths taken to avoid disclosure.
|
| 650 |
|
0 |
|a Freedom of information
|z United States
|x Case studies.
|
| 650 |
|
0 |
|a Government information
|z United States
|x Case studies.
|
| 650 |
|
0 |
|a Security classification (Government documents)
|z United States
|x Case studies.
|
| 700 |
1 |
|
|a Theoharis, Athan G.
|
| 948 |
|
|
|a c:dm
|
| 999 |
|
|
|a MARS
|
| 999 |
f |
f |
|s 7890b889-c3b4-370d-b1c7-62df005712e5
|i d0e9c360-4ff4-374b-895b-0a564c953d15
|t 0
|
| 952 |
f |
f |
|p ric
|a Texas A&M University
|b Rellis Campus
|c Joint Library Facility
|d Remote Storage
|t 0
|e JK468.S4 C85 1998
|h Library of Congress classification
|i unmediated -- volume
|m A14825619473
|
| 952 |
f |
f |
|p noncirc
|a Texas A&M University
|b J.J. Pickle Campus
|c High Density Repository
|d Remote Storage
|t 0
|e JK468.S4 C85 1998
|h Library of Congress classification
|i unmediated -- volume
|m A1485333469D
|
| 952 |
f |
f |
|p normal
|a Texas A&M University
|b College Station
|c Sterling C. Evans Library
|d Evans: Library Stacks
|t 0
|e JK468.S4 C85 1998
|h Library of Congress classification
|i unmediated -- volume
|m A14823323610
|
| 998 |
f |
f |
|a JK468.S4 C85 1998
|t 0
|l Remote Storage
|
| 998 |
f |
f |
|a JK468.S4 C85 1998
|t 0
|l Evans: Library Stacks
|
| 998 |
f |
f |
|a JK468.S4 C85 1998
|t 0
|l Remote Storage
|